000 00834nam a2200217Ia 4500
999 _c39569
_d39569
001 6168
003 GE_BSU
005 20191210160323.0
008 181216s1971||||ge |||||||||||||| ||geo||
040 _cGE_BSU
041 _ageo
080 _a821.353.1-32 გ-26
100 _aგეგეშიძე, გურამ.
_95631
245 _aმოთხრობები /
_cგურამ გეგეშიძე ; რედ. ნ.კანდელაკი ; მხატვ. მ.ჯაბუა.
264 _aთბილისი :
_bმერანი,
_c1971.
300 _a301 გვ. ;
_c20 სმ.
653 _aმოთხრობები
700 _aკანდელაკი, ნ.
_eრედაქტორი
_95765
700 _aჯაბუა, მ.
_eმხატვარი
_95766
942 _cBK
_2udc